laufey songs that don't say the title in the song - Statistics

General Stats
  • This quiz has been taken 10 times
  • The average score is 4 of 9
Answer Stats
Answer % Correct
Forget-Me-Not
80%
Letter To My 13 Year Old Self
70%
Cuckoo Ballet - Interlude
50%
Haunted
50%
Nocturne (Interlude)
50%
Like the Movies
30%
Too Little, Too Late
30%
Dance With You Tonight
20%
The Christmas Waltz
10%
No matching quizzes found
Score Distribution
Percent of People with Each Score
Percentile by Number Answered
Your Score History
You have not taken this quiz